Ultimate Border Challenge By Letter - K - Statistics

General Stats
  • This quiz has been taken 82 times
  • The average score is 19 of 20
Answer Stats
Hint Answer % Correct
Kuwait Iraq
100%
Kazakhstan Russia
100%
Kuwait Saudi Arabia
100%
Kosovo Montenegro
99%
Kosovo Serbia
99%
Kyrgyzstan Tajikistan
99%
Kazakhstan Turkmenistan
99%
Kenya Somalia
97%
Kenya Tanzania
97%
Kazakhstan Uzbekistan
97%
Kyrgyzstan Uzbekistan
97%
Kosovo Albania
96%
Kazakhstan China
96%
Kygryzstan China
96%
Kenya Ethiopia
96%
Kosovo Macedonia
96%
Kenya Uganda
96%
Kazakhstan Kyrgyzstan
94%
Kyrgyzstan Kazakhstan
93%
Kenya South Sudan
90%
No matching quizzes found
Score Distribution
Percent of People with Each Score
Percentile by Number Answered
Your Score History
You have not taken this quiz